00649 2200229 4500001002100000005001700021008004100038035002400079090001500103100001400118245011800132250001200250260002600262300002300288500003100311500001100342650001600353850001500369980001400384985000600398999001500404YOGYA-0209000002666720090227024057.0 ind  0010-020900000026667 a320bSum P aSUMANTORO aPeranan perusahaan multinasional dalam pembangunan negara sedang berkembang dan implikasi di IndonesiacSumantoro aCet. 10 aBandungbAlumnic1983 axx, 294 hlmc21 cm aBibliografi : hlm. 285-294 aIndeks aPembangunan aYOPDYOG(B) a20-2-2007 a1 a06A0014045